| 000 | 00583nam a2200205 a 4500 | ||
|---|---|---|---|
| 005 | 20210223121857.0 | ||
| 008 | 991125s1989 es 000 0 spa u | ||
| 020 | _a8425213835 | ||
| 035 | _aUPN01000025250 | ||
| 049 | _aCG | ||
| 050 | 4 |
_aHF5548.4 F7 _bS4.3 |
|
| 100 | 1 | _aSegarra, Dolors | |
| 245 | 1 | 3 |
_aEl framework es fácil / _cD. Segarra, J. Gayán. |
| 260 |
_aBarcelona, Esp. : _bG. Gili, _c1989. |
||
| 300 | _a203 p. | ||
| 440 | 0 | _aInformática de gestión | |
| 650 | 4 |
_aFRAMEWORK (PROGRAMA PARA COMPUTADORA) _910698 |
|
| 700 | 1 |
_aGayán, Javier, _ecoaut. |
|
| 905 | _aLibro | ||
| 999 |
_c25250 _d25250 |
||